[Event "Wiesbaden op 31st"]
[Site "Wiesbaden"]
[Date "2019.08.23"]
[Round "3"]
[White "Kolker, Vladislav"]
[Black "Dohmes, Swidbert"]
[Result "1-0"]
[WhiteElo "1977"]
[BlackElo "1732"]
[PlyCount "35"]
[EventDate "2019.08.22"]
[EventType "swiss"]
[EventRounds "7"]
[EventCountry "GER"]
[SourceTitle "EXT 2020"]
[Source "ChessBase"]
[SourceDate "2019.10.17"]
[SourceVersion "1"]
[SourceVersionDate "2019.10.17"]
[SourceQuality "1"]

1. e4 c6 2. Nf3 d5 3. exd5 cxd5 4. Ne5 Nf6 5. d4 Bf5 6. g4 Bd7 7. Bd3 Nc6 8. Nxd7 Nxd7 9. c3 e6 10. Bf4 Be7 11. Nd2 Nb6 12. Qe2 Bd6 13. Bg3 Qc7 14. b4 a6 15. Nb3 Nd7 16. a4 Nxb4 17. cxb4 Bxg3 18. Rc1 1-0

[Event "Hofheim Spring op-B 7th"]
[Site "Hofheim"]
[Date "2019.04.26"]
[Round "6"]
[White "Dohmes, Swidbert"]
[Black "Weissenberger, Julius"]
[Result "1-0"]
[WhiteElo "1764"]
[BlackElo "1568"]
[PlyCount "125"]
[EventDate "2019.04.23"]
[EventType "swiss"]
[EventRounds "9"]
[EventCountry "GER"]
[SourceTitle "CBM 190 Extra"]
[Source "ChessBase"]
[SourceDate "2019.07.15"]
[SourceVersion "1"]
[SourceVersionDate "2019.07.15"]
[SourceQuality "1"]

1. e4 c6 2. Nc3 d5 3. exd5 cxd5 4. Bb5+ Bd7 5. Bxd7+ Qxd7 6. d4 e6 7. Nf3 Nc6 8. 0-0 Bd6 9. Re1 Nge7 10. Ne2 Nf5 11. Bf4 Qc7 12. Bxd6 Qxd6 13. Qd2 Rc8 14. c3 Na5 15. Ne5 Nc4 16. Nxc4 Rxc4 17. Nf4 b5 18. Nd3 a5 19. a3 h5 20. Qg5 Kf8 21. Re2 Qe7 22. Qf4 Rh6 23. Rae1 Rf6 24. Qb8+ Qe8 25. Qa7 Qd8 26. Nc5 Kg8 27. Nd7 Rh6 28. Ne5 Qc7 29. Qa8+ Kh7 30. Qe8 Nd6 31. Qa8 Ra4 32. Re3 Nc4 33. R3e2 Nxe5 34. Rxe5 Rc4 35. Qf8 b4 36. Rg5 g6 37. Rg3 Qd7 38. axb4 axb4 39. Qb8 bxc3 40. Rxc3 Rxc3 41. bxc3 Kg7 42. Qe5+ Kf8 43. Rb1 g5 44. Rb8+ Ke7 45. Qxg5+ Rf6 46. Qg7 Rg6 47. Qf8+ Kf6 48. Qh8+ Ke7 49. Qxh5 Qa7 50. Rb1 Qc7 51. Qf3 Rh6 52. h3 Rf6 53. Qe3 Rg6 54. h4 Kf8 55. h5 Rg8 56. Ra1 Qb8 57. h6 Qb7 58. g3 Rh8 59. Kg2 e5 60. Qg5 Qc6 61. Qg7+ Ke7 62. Ra7+ Kd6 63. Qf6# 1-0

[Event "Oberursel Anderssen Memorial 1st"]
[Site "Oberursel"]
[Date "2018.09.07"]
[Round "7"]
[White "Dohmes, Swidbert"]
[Black "Klundt, Klaus"]
[Result "0-1"]
[WhiteElo "1750"]
[BlackElo "2307"]
[PlyCount "62"]
[EventDate "2018.09.01"]
[EventType "swiss"]
[EventRounds "7"]
[EventCountry "GER"]
[SourceTitle "CBM 186 Extra"]
[Source "ChessBase"]
[SourceDate "2018.08.24"]
[SourceVersion "1"]
[SourceVersionDate "2018.08.24"]
[SourceQuality "1"]

1. e4 c5 2. Nf3 e6 3. d4 cxd4 4. Nxd4 Nc6 5. Nc3 Qc7 6. Be2 a6 7. a3 Nf6 8. 0-0 Be7 9. Be3 0-0 10. Qd2 d6 11. Rad1 Ne5 12. h3 Nc4 13. Bxc4 Qxc4 14. Qd3 Qc7 15. Nf3 b5 16. Bf4 Rd8 17. e5 dxe5 18. Bxe5 Rxd3 19. Bxc7 Rxd1 20. Rxd1 Bb7 21. Nd2 Rc8 22. Bb6 Kf8 23. f3 Ke8 24. Kf2 Bxa3 25. Nxb5 axb5 26. bxa3 Rxc2 27. Ke1 Nd5 28. Bd4 Nf4 29. Bxg7 Nxg2+ 30. Kf2 Nf4 31. h4 Ra2 0-1

[Event "Frankfurt-chA"]
[Site "Frankfurt"]
[Date "2018.04.30"]
[Round "1"]
[White "Koch, Markus"]
[Black "Dohmes, Swidbert"]
[Result "1-0"]
[WhiteElo "2039"]
[BlackElo "1685"]
[PlyCount "39"]
[EventDate "2018.04.30"]
[EventType "swiss"]
[EventRounds "7"]
[EventCountry "GER"]
[SourceTitle "EXT 2019"]
[Source "ChessBase"]
[SourceDate "2018.10.10"]
[SourceVersion "1"]
[SourceVersionDate "2018.10.10"]
[SourceQuality "1"]

1. d4 Nf6 2. Bg5 d5 3. Bxf6 exf6 4. c4 Bb4+ 5. Nc3 0-0 6. e3 Be6 7. Nge2 dxc4 8. Nf4 c5 9. Nxe6 fxe6 10. Bxc4 Re8 11. 0-0 cxd4 12. exd4 Nc6 13. d5 Bxc3 14. dxc6 Bxb2 15. Rb1 Be5 16. cxb7 Rb8 17. Qg4 Qe7 18. Rfd1 Rxb7 19. Qxe6+ Kf8 20. Qg8# 1-0

[Event "Hofheim Spring op-B 6th"]
[Site "Hofheim"]
[Date "2018.04.06"]
[Round "7"]
[White "Stuhlmann, Florian"]
[Black "Dohmes, Swidbert"]
[Result "1/2-1/2"]
[WhiteElo "1817"]
[BlackElo "1711"]
[PlyCount "57"]
[EventDate "2018.04.03"]
[EventType "swiss"]
[EventRounds "9"]
[EventCountry "GER"]
[SourceTitle "EXT 2020"]
[Source "ChessBase"]
[SourceDate "2019.10.17"]
[SourceVersion "1"]
[SourceVersionDate "2019.10.17"]
[SourceQuality "1"]

1. d4 Nf6 2. c4 g6 3. Nc3 d5 4. cxd5 Nxd5 5. e4 Nxc3 6. bxc3 c5 7. Bg5 Bg7 8. Rc1 0-0 9. Nf3 cxd4 10. cxd4 Nc6 11. d5 Ne5 12. Be2 Bg4 13. Nxe5 Bxe2 14. Nxf7 Qa5+ 15. Qd2 Qxd2+ 16. Bxd2 Ba6 17. Ng5 Bd4 18. f3 Rfc8 19. Ne6 Rxc1+ 20. Bxc1 Rc8 21. Kd2 Bb6 22. h4 Ba5+ 23. Kd1 Bc4 24. h5 Bxa2 25. hxg6 Bb3+ 26. Ke2 Rc2+ 27. Ke3 hxg6 28. g4 Rc3+ 29. Kf2 1/2-1/2

[Event "Frankfurt-chA"]
[Site "Frankfurt"]
[Date "2017.05.29"]
[Round "6"]
[White "Henrich, Frederik"]
[Black "Dohmes, Swidbert"]
[Result "0-1"]
[WhiteElo "1693"]
[BlackElo "1581"]
[PlyCount "82"]
[EventDate "2017.04.24"]
[EventType "swiss"]
[EventRounds "7"]
[EventCountry "GER"]
[SourceTitle "EXT 2018"]
[Source "ChessBase"]
[SourceDate "2017.10.13"]
[SourceVersion "1"]
[SourceVersionDate "2017.10.13"]
[SourceQuality "1"]

1. e4 e5 2. Bc4 Nc6 3. Nc3 Nf6 4. d3 Be7 5. f4 0-0 6. Nf3 d6 7. f5 Na5 8. 0-0 c6 9. a3 Nxc4 10. dxc4 Ng4 11. Qe1 Re8 12. Kh1 h6 13. Qg3 h5 14. h3 Nf6 15. Bh6 Bf8 16. Ng5 Nh7 17. Nxf7 Qf6 18. Nxd6 Bxd6 19. Be3 Bd7 20. Rad1 Red8 21. Rd2 Be8 22. Rfd1 b6 23. a4 Bc7 24. b3 Rxd2 25. Rxd2 Rd8 26. Qf2 Rxd2 27. Qxd2 Qd6 28. Qf2 c5 29. Nd5 Bd8 30. a5 Nf6 31. Nc3 Bc6 32. axb6 axb6 33. Qf3 Be8 34. Nd5 h4 35. Bc1 Nh5 36. Kh2 Ng3 37. Qd3 Bh5 38. Kg1 Ne2+ 39. Kf2 Nxc1 40. Qd2 Ne2 41. c3 Nf4 0-1

[Event "Frankfurt-chA"]
[Site "Frankfurt"]
[Date "2017.04.24"]
[Round "1"]
[White "Dohmes, Swidbert"]
[Black "Kolker, Vladislav"]
[Result "1/2-1/2"]
[WhiteElo "1581"]
[BlackElo "1925"]
[PlyCount "36"]
[EventDate "2017.04.24"]
[EventType "swiss"]
[EventRounds "7"]
[EventCountry "GER"]
[SourceTitle "EXT 2018"]
[Source "ChessBase"]
[SourceDate "2017.10.13"]
[SourceVersion "1"]
[SourceVersionDate "2017.10.13"]
[SourceQuality "1"]

1. e4 e5 2. Nf3 Nc6 3. Bb5 f5 4. Nc3 fxe4 5. Bxc6 dxc6 6. Nxe5 Nf6 7. d4 Bd6 8. Bg5 Bf5 9. 0-0 Qe7 10. Re1 Bxe5 11. dxe5 Qxe5 12. Bxf6 gxf6 13. Qh5+ Bg6 14. Qxe5+ fxe5 15. Nxe4 0-0-0 16. Kf1 Rhf8 17. c3 b6 18. Re3 c5 1/2-1/2

[Event "Hofheim Spring op-B 5th"]
[Site "Hofheim"]
[Date "2017.04.07"]
[Round "1"]
[White "Dohmes, Swidbert"]
[Black "Steinke, Hans Joerg"]
[Result "1/2-1/2"]
[WhiteElo "1663"]
[BlackElo "1864"]
[PlyCount "78"]
[EventDate "2017.04.07"]
[EventType "swiss"]
[EventRounds "9"]
[EventCountry "GER"]
[SourceTitle "CBM 178 Extra"]
[Source "ChessBase"]
[SourceDate "2017.06.22"]
[SourceVersion "1"]
[SourceVersionDate "2017.06.22"]
[SourceQuality "1"]

1. e4 e6 2. d4 d5 3. e5 c5 4. dxc5 Bxc5 5. Qg4 Kf8 6. Nf3 Nc6 7. Bd3 Nge7 8. 0-0 Ng6 9. Qh5 Bd7 10. Bxg6 fxg6 11. Qg4 Qe8 12. Nc3 Qf7 13. Ne2 Qf5 14. Qf4 Ke8 15. Qxf5 gxf5 16. Bd2 h6 17. h4 g6 18. c3 Kf7 19. Ned4 Rag8 20. Rfe1 a6 21. Be3 Be7 22. Nb3 g5 23. hxg5 hxg5 24. Bc5 g4 25. Nfd4 Nxd4 26. Bxd4 Rh5 27. a4 b5 28. Nc5 Bxc5 29. Bxc5 bxa4 30. c4 Rgh8 31. Kf1 Rh1+ 32. Ke2 Rxe1+ 33. Rxe1 Rc8 34. Bd6 Rxc4 35. Kd2 Bb5 36. g3 Rc8 37. Rc1 Bc4 38. Ra1 Bb3 39. Rc1 Bc4 1/2-1/2

[Event "Frankfurt-chA"]
[Site "Frankfurt"]
[Date "2016.06.13"]
[Round "7"]
[White "Lopez, Victor"]
[Black "Dohmes, Swidbert"]
[Result "1/2-1/2"]
[WhiteElo "1455"]
[BlackElo "1662"]
[PlyCount "79"]
[EventDate "2016.04.25"]
[EventType "swiss"]
[EventRounds "9"]
[EventCountry "GER"]
[SourceTitle "EXT 2018"]
[Source "ChessBase"]
[SourceDate "2017.10.13"]
[SourceVersion "1"]
[SourceVersionDate "2017.10.13"]
[SourceQuality "1"]

1. e4 e5 2. Nf3 Nc6 3. Bc4 Nf6 4. d3 Bc5 5. c3 d5 6. exd5 Nxd5 7. Bb5 0-0 8. 0-0 Bg4 9. Nbd2 Nce7 10. Ne4 Bb6 11. h3 Bxf3 12. Qxf3 c6 13. Ba4 Ng6 14. Qh5 Ndf4 15. Bxf4 Nxf4 16. Qxe5 Bc7 17. Qf5 Qxd3 18. Bc2 g6 19. Nf6+ Kg7 20. Nh5+ Kg8 21. Qxd3 Nxd3 22. Bxd3 gxh5 23. h4 Rad8 24. Rad1 Kg7 25. Be2 Kg6 26. Bd3+ Kg7 27. Rfe1 Rfe8 28. Kf1 Re5 29. Rxe5 Bxe5 30. Be2 Rxd1+ 31. Bxd1 Kg6 32. Bf3 Bf4 33. Ke2 h6 34. Be4+ f5 35. Bf3 Bc1 36. b3 Bf4 37. a4 Be5 38. Kd3 Bc7 39. Kd4 Bb6+ 40. Ke5 1/2-1/2

[Event "Frankfurt-chA"]
[Site "Frankfurt"]
[Date "2016.05.23"]
[Round "4"]
[White "Dohmes, Swidbert"]
[Black "Popp, Matthias"]
[Result "1-0"]
[WhiteElo "1662"]
[BlackElo "1534"]
[PlyCount "97"]
[EventDate "2016.04.25"]
[EventType "swiss"]
[EventRounds "9"]
[EventCountry "GER"]
[SourceTitle "EXT 2018"]
[Source "ChessBase"]
[SourceDate "2017.10.13"]
[SourceVersion "1"]
[SourceVersionDate "2017.10.13"]
[SourceQuality "1"]

1. e4 c5 2. Nf3 Nc6 3. d4 cxd4 4. Nxd4 e5 5. Nb3 Nf6 6. Bd3 d6 7. 0-0 Bg4 8. Be2 Be6 9. Nc3 d5 10. exd5 Nxd5 11. Nxd5 Qxd5 12. c4 Qe4 13. Bd3 Qh4 14. Qe2 Rd8 15. Be3 b6 16. f3 Bd6 17. Be4 Ne7 18. Bf2 Qg5 19. c5 bxc5 20. Nxc5 Bxc5 21. Bxc5 0-0 22. Be3 Qh5 23. Bxa7 f5 24. Bd3 Rf6 25. Bc4 Qf7 26. Bxe6 Qxe6 27. Rfe1 Nc6 28. Bc5 f4 29. b4 Rf5 30. Rad1 Rxd1 31. Rxd1 h6 32. Rd6 Qc8 33. a4 Nd8 34. Qc4+ Kh7 35. Qa6 Qxa6 36. Rxa6 Nb7 37. Rc6 Kg8 38. Rc8+ Kh7 39. Rc7 Nd8 40. Rd7 Ne6 41. a5 Nxc5 42. bxc5 e4 43. fxe4 Rxc5 44. a6 Rc8 45. a7 Ra8 46. e5 Kg6 47. e6 h5 48. e7 Kf7 49. Rd8 1-0

[Event "Frankfurt-chA"]
[Site "Frankfurt"]
[Date "2016.05.02"]
[Round "2"]
[White "Dohmes, Swidbert"]
[Black "Fussnecker, Manfred"]
[Result "0-1"]
[WhiteElo "1662"]
[BlackElo "1924"]
[PlyCount "60"]
[EventDate "2016.04.25"]
[EventType "swiss"]
[EventRounds "9"]
[EventCountry "GER"]
[SourceTitle "EXT 2018"]
[Source "ChessBase"]
[SourceDate "2017.10.13"]
[SourceVersion "1"]
[SourceVersionDate "2017.10.13"]
[SourceQuality "1"]

1. e4 e5 2. Nf3 d6 3. d4 exd4 4. Nxd4 Nf6 5. Nc3 Be7 6. Bc4 0-0 7. 0-0 c6 8. h3 Re8 9. Bf4 Nxe4 10. Bxf7+ Kxf7 11. Nxe4 Kg8 12. Re1 Rf8 13. Qd2 Na6 14. Nf3 d5 15. Neg5 h6 16. Ne6 Bxe6 17. Rxe6 Nc5 18. Ree1 Ne4 19. Qe3 Bc5 20. Qc1 Bxf2+ 21. Kf1 Bxe1 22. Kxe1 Qa5+ 23. c3 Rae8 24. Kf1 Qb6 25. Be3 Ng3+ 26. Kf2 Nh1+ 27. Kg1 Rxe3 28. Kxh1 Re2 29. b3 Qf2 30. Qg1 Rxf3 0-1